00513cam a22002171 4500001001300000003000400013005001700017008004100034010001700075035002000092040001800112042001200130050001900142100003000161245003000191260001100221300001700232500001600249500001300265999001700278sa 63001484 DLC20260227111927.0900108s1962 ii 000 1 beno  asa 63001484  a(OCoLC)20860694 aDLCcWaUdDLC apremarc00aPK1718.M47bK31 aMitra, Bimal,d1912-1991.10aKaṛi diẏe kinalāma. c[1962] a2 v.c23 cm. aIn Bengali. aA novel. c53987d53987